Chase it, trooper! / (Record no. 6429)

MARC details
000 -LEADER
fixed length control field 01213nam a22002777a 4500
001 - CONTROL NUMBER
control field 6429
003 - CONTROL NUMBER IDENTIFIER
control field FISKH
005 - DATE AND TIME OF LATEST TRANSACTION
control field 20250430100443.0
008 - FIXED-LENGTH DATA ELEMENTS--GENERAL INFORMATION
fixed length control field 250430b cb ||||| |||| 00| 0 eng d
040 ## - CATALOGING SOURCE
Original cataloging agency FISKH
Language of cataloging eng
Transcribing agency FISKH
Modifying agency FISKH
050 ## - LIBRARY OF CONGRESS CALL NUMBER
Classification number PZ7
082 ## - DEWEY DECIMAL CLASSIFICATION NUMBER
Classification number 428.6
100 ## - MAIN ENTRY--PERSONAL NAME
Personal name Feldman, Thea
245 ## - TITLE STATEMENT
Title Chase it, trooper! /
Statement of responsibility, etc. By Thea Feldman ; Illustrations by Clare Elsom
260 ## - PUBLICATION, DISTRIBUTION, ETC.
Place of publication, distribution, etc. New York :
Name of publisher, distributor, etc. Scholastic,
Date of publication, distribution, etc. 2016.
300 ## - PHYSICAL DESCRIPTION
Extent 16 unnumbered pages :
Other physical details color illustrations ;
Dimensions 19 cm
490 ## - SERIES STATEMENT
Series statement Puppy Pals Phonics :
Volume/sequential designation Book 3
505 ## - FORMATTED CONTENTS NOTE
Formatted contents note G<br/>
520 ## - SUMMARY, ETC.
Summary, etc. In Chase It, Trooper!, Trooper the energetic puppy is always ready for fun. When he spots a cheeky chipmunk, he takes off on a wild chase through the forest! Along the way, Trooper gets into amusing situations while readers follow the action-packed trail. Designed as a phonics reader, this book focuses on "ch" blends to support early literacy skills. The playful story and engaging illustrations make learning to read fun and interactive.
521 8# - TARGET AUDIENCE NOTE
Target audience note 300<br/>
Source Lexile estimate<br/>
521 8# - TARGET AUDIENCE NOTE
Target audience note G <br/>
Source Raz-Plus<br/>
650 ## - SUBJECT ADDED ENTRY--TOPICAL TERM
Topical term or geographic name entry element Puppy
Form subdivision Animals
700 ## - ADDED ENTRY--PERSONAL NAME
Personal name Elsom, Clare
Relator term illustrator
942 ## - ADDED ENTRY ELEMENTS (KOHA)
Source of classification or shelving scheme Dewey Decimal Classification
Koha item type Books
Suppress in OPAC No
Holdings
Withdrawn status Lost status Source of classification or shelving scheme Damaged status Not for loan Collection Home library Current library Shelving location Date acquired Total Checkouts Full call number Barcode Date last seen Copy number Price effective from Koha item type
    Dewey Decimal Classification     Juvenile Fiction Footprints International School Library Network Toul Kork Campus Footprints International School Library Network Toul Kork Campus TK Primary Library Room(4th Floor), Bookcase 7, Shelves 57-60, Dark Green Books 04/30/2025   FEL 428.6 PZ7 FISBK072047 04/30/2025 1 04/30/2025 Books